Normal view
MARC view
Entry Personal Name
001 - CONTROL NUMBER
- control field: 11787
003 - CONTROL NUMBER IDENTIFIER
- control field: OSt
005 - DATE AND TIME OF LATEST TRANSACTION
- control field: 20191003075206.0
008 - FIXED-LENGTH DATA ELEMENTS
- fixed length control field: 191003|| aca||aabn | a|a d
040 ## - CATALOGING SOURCE
- Original cataloging agency: OSt
- Transcribing agency: OSt
100 ## - HEADING--PERSONAL NAME
- Personal name: Lunsford, Kurt G.
670 ## - SOURCE DATA FOUND
- Source citation: Work cat.: (OSt): Jentsch, Carsten 11784, The dynamic effects of personal and corporate income tax changes in the United States: Comment
